Statistics for Every Teams Starting Infield 2021 MLB

Click here to take the quiz!

General Stats

  • This quiz has been taken 216 times
    (214 since last reset)
  • The average score is 71 of 150

Answer Stats

TeamPositionPlayer% Correct
ATL1BFreddie Freeman
85%
CHC1BAnthony Rizzo
80%
ATL2BOzzie Albies
80%
CHC3BKris Bryant
79%
MIA3BBrian Anderson
77%
ATLSSDansby Swanson
77%
CHWSSTim Anderson
77%
LAD3BJustin Turner
76%
WSNSSTrea Turner
76%
CHCSSJavy Baez
75%
LADSSCorey Seager
73%
CHW1BJose Abreu
73%
BOS3BRafael Devers
73%
HOU2BJose Altuve
72%
SEA3BKyle Seager
72%
ATL3BAustin Riley
71%
YankeesCGary Sanchez
71%
NYM1BPete Alonso
71%
COLSSTrevor Story
71%
NYMSSFrancisco Lindor
70%
STL1BPaul Goldschmidt
70%
BOSSSXander Bogaerts
70%
SDPSSFernando Tatis Jr.
69%
TOR1BVladimir Guerrero Jr.
69%
PhilliesCJ.T. Realmuto
68%
LAD1BMax Muncy
68%
STL3BNolan Arenado
68%
RoyalsCSalvador Perez
68%
DodgersCWill Smith
68%
CardinalsCYadier Molina
68%
White SoxsCYasmani Grandal
68%
GiantsCBuster Posey
67%
HOUSSCarlos Correa
67%
NYYSSGleyber Torres
67%
CIN1BJoey Votto
67%
CLE3BJose Ramirez
67%
SDP3BManny Machado
67%
OAK1BMatt Olson
67%
HOU3BAlex Bregman
66%
SFGSSBrandon Crawford
66%
SEASSJ.P. Crawford
66%
NYY1BLuke Voit
66%
OAK3BMatt Chapman
65%
BravesCWilliam Contreras
65%
CubsCWilson Contreras
65%
LAA3BAnthony Rendon
64%
COL1BC.J. Cron
64%
NYY2BDJ LeMahieu
64%
TORSSBo Bichette
63%
SDP1BEric Hosmer
63%
WSN1BJosh Bell
62%
TOR2BMarcus Semien
61%
PHI1BRhys Hoskins
61%
MIN3BJosh Donaldson
60%
CHW3BYoan Moncada
60%
NYY3BGio Urshela
59%
CLE2BCesar Hernandez
57%
BOS2BEnrique Hernandez
57%
CIN3BEugenio Suarez
57%
KCR2BWhit Merrifield
57%
TBR2BBrandon Lowe
56%
TEX1BNate Lowe
56%
HOU1BYuli Gurriel
56%
ARI3BEduardo Escobar
55%
NYM2BJeff McNeil
55%
MILSSWilly Adames
55%
PHI2BJean Segura
54%
TOR3BCavan Biggio
53%
SDP2BJake Cronenworth
53%
LAA1BJared Walsh
53%
CIN2BJonathan India
53%
BAL1BRyan Mountcastle
53%
LAD2BChris Taylor
51%
PHI3BAlec Bohm
50%
MINSSAndrelton Simmons
50%
SFG3BEvan Longoria
49%
MetsCJames McCann
49%
MIN1BMiguel Sano
49%
RaysCMike Zunino
49%
BAL3BMaikel Franco
48%
BOS1BBobby Dalbec
47%
KCR1BCarlos Santana
46%
Red SoxsCChristian Vazquez
45%
PHISSDidi Gregorius
45%
PIT3BKe'Bryan Hayes
45%
MIL2BKolten Wong
45%
AthleticsCSean Murphy
45%
MarinersCTom Murphy
45%
STLSSPaul DeJong
44%
KCRSSAdalberto Mondesi
43%
PIT2BAdam Frazier
43%
ARI1BChristian Walker
43%
MIN2BJorge Polanco
43%
COL2BRyan McMahon
43%
RedsCTucker Barnhart
43%
LAA2BDavid Fletcher
42%
DETSSHarold Castro
41%
PiratesCJacob Stallings
41%
AstrosCJason Castro
41%
MIA1BJesus Aguilar
41%
NationalsCYan Gomes
41%
TwinsCMitch Garver
40%
STL2BTommy Edman
40%
CLESSAhmed Rosario
39%
PadresCAustin Nola
39%
DET1BJonathan Schoop
39%
ARI2BJosh Rojas
38%
ARISSNick Ahmed
38%
OAKSSElvis Andrus
36%
OriolesCPedro Severino
36%
Blue JaysCDanny Jansen
35%
MIA2BIsan Diaz
35%
WSN3BStarlin Castro
35%
TBR1BYandy Diaz
35%
BALSSFreddie Galvis
34%
LAASSJose Iglesias
33%
BrewersCOmar Narvaez
33%
MarlinsCJorge Alfaro
29%
AngelsCMax Stassi
29%
DiamondbacksCStephen Vogt
29%
DET3BJeimer Candelario
27%
SEA1BTy France
27%
TEXSSIsiah Kiner-Falefa
26%
OAK2BJed Lowrie
25%
WSN2BJosh Harrison
25%
MIL1BKeston Hiura
25%
SFG2BDonovan Solano
23%
MIL3BTravis Shaw
23%
NYM3BJonathan Villar
22%
TigersCWilson Ramos
21%
CINSSKyle Farmer
20%
DET2BNiko Goodrum
20%
IndiansCAustin Hedges
18%
PITSSKevin Newman
16%
SFG1BWilmer Flores
16%
TEX2BNick Solak
15%
RockiesCDom Nunez
13%
COL3BJosh Fuentes
13%
RangersCJose Trevino
9%
TEX3BBrock Holt
7%
TBRSSTaylor Walls
7%
CHC2BEric Sogard
6%
MIASSJazz Chisholm Jr.
6%
CLE1BJake Bauers
5%
PIT1BWill Craig
3%
SEA2BDonovan Walton
1%
TBR3BJoey Weddle
1%
KCR3BKelvin Gutierrez
1%
CHW2BNick Magrigal
1%
BAL2BStephen Wilkerson
1%

Score Distribution

Percentile by Number Answered

Percent of People with Each Score

Your Score History

You have not taken this quiz since the last reset